00828nam a22001697a 4500003000900000008004100009040007100050082001800121100001900139245009100158260006100249300002600310505023800336650002900574650002800603650002700631AR-CdUCM190228b ||||| |||| 00| 0 spa d aMUNICIPALIDAD PROVINCIAL DEL CUSCOcBIBLIOTECA MUNICIPAL DEL CUSCO a350.85 /bH64 aHodara, Joseph aCientificos vs. Politicos :bEnsayos en la sociología de la ciencia /cJoseph Hodara aMexico, D. F. :bUniversidad Nacional Autónoma,c1969. a189 paginas ;c20 cm. a La ciencia como contenido indiferenciado -- Raíces históricas -- Raíces sociológicas -- El pensamiento científico en la historia de las ideas -- Recepción semántica -- La intencionalidad del desarrollo científico ... aCiencia y civilización aDesarrollo científico aSociología y ciencia